Crítica y ficción
Salvato in:
| Autore principale: | |
|---|---|
| Natura: | Libro |
| Lingua: | spagnolo |
| Pubblicazione: |
Buenos Aires
Planeta Argentina
2000
|
| Serie: | Los Tres Mundos. Ensayo
|
| Soggetti: | |
| Tags: |
Aggiungi Tag
Nessun Tag, puoi essere il primo ad aggiungerne!!
|
MARC
| LEADER | 00000nam a2200000 a 4500 | ||
|---|---|---|---|
| 001 | UCK2725 | ||
| 003 | CL-VaPUC | ||
| 008 | 050318e20000000AG |||||||||||||||||spa|d | ||
| 020 | |a 9507312414 | ||
| 082 | 0 | 4 | |a Ar864 |b PIG |2 21 |
| 100 | 0 | |a Piglia, Ricardo |e author |9 490683 | |
| 245 | 1 | 0 | |a Crítica y ficción |
| 300 | |a 247 p | ||
| 942 | |c BK | ||
| 945 | |d 20050318 00:00:00 |a cmena | ||
| 260 | |a Buenos Aires |b Planeta Argentina |c 2000 | ||
| 650 | 0 | |a Ensayos argentinos |9 269128 | |
| 650 | 0 | |a Literatura argentina |9 320596 | |
| 650 | 0 | |a Crítica e interpretación literaria |9 266284 | |
| 583 | |a last modification |c 20050318 00:00:00 |k Rodrigo Vera | ||
| 490 | 0 | |a Los Tres Mundos. Ensayo | |
| 999 | |c 312187 |d 312185 | ||
| 952 | |0 0 |1 0 |4 0 |6 AR_864_000000000000000_PIG_2000 |7 0 |8 ? |9 382099 |a BIBEDU |b BIBEDU |d 2019-11-21 |i 4099818 |o Ar864 PIG 2000 |p 4099818 |r 2019-11-21 |w 2019-11-21 |y BK |k LIT | ||